Văn học Thái Lan

Kaydedildi:
Detaylı Bibliyografya
Materyal Türü: Kitap
Dil:Thai
Baskı/Yayın Bilgisi: 2003
Konular:
Etiketler: Etiketle
Etiket eklenmemiş, İlk siz ekleyin!
Thư viện lưu trữ: Mạng thư viện Đại học Đà Nẵng
LEADER 01090cam a22003131a 4500
001 000041039
003 17335
005 20160417000000.0
008 160417s2003 000 tha
041 |a tha 
082 |a 895.9  |b VĂ-H 
245 |a Văn học Thái Lan 
260 |c 2003 
300 |a 500tr. : mh ; 30 x 20cm 
650 |a Văn học Thái Lan, คุยเฟื่องเรื่องรามเกียรติ์, Thái Lan, Văn học Thái Lan. 
852 |b Chuyên đề  |c Giáo trình 
OWN |a LNN 
AVA |a UDN50  |b LNN  |d 895.9 VĂ-H  |e available  |t Error 5001 Not defined in file expand_doc_bib_avail.  |f 1  |g 0  |h N  |i 0  |k 1 
999 |a From the UDN01 
AVA |a UDN50  |b LNN  |d 895.9 VĂ-H  |e available  |t Error 5001 Not defined in file expand_doc_bib_avail.  |f 1  |g 0  |h N  |i 0  |k 1 
TYP |a Monograph 
TYP |a Printed language 
980 |a Mạng thư viện Đại học Đà Nẵng